000 00615nam a2200193Ia 4500
003 IN-BaIIA
008 211028s9999 xx 000 0 eng d
040 _cIIA Library
080 _a058:2
_bHEC
100 _aHeck, A
_913495
245 0 _aInternational Directory of Astronomical Associations and Societies
_cA. Heck and J. Maneroid
260 _aFrance
_bCentre De Donnees Stellaires
_c1986
300 _aiv, 266p.
650 _aAstronomy and Astrophysics Thesaurus
650 _aDirectory-Associations
_914436
650 _aDirectory-Astronomical Sciences
_914437
700 _aManeroid, J.
_914438
942 _cBK
999 _c8605
_d8605